Normal view
MARC view
- تحقيق الكعاك،عثمان
Entry Personal Name
001 - CONTROL NUMBER
- control field: 14920
003 - CONTROL NUMBER IDENTIFIER
- control field: JO-AjAnu
005 - DATE AND TIME OF LATEST TRANSACTION
- control field: 20230606072700.0
008 - FIXED-LENGTH DATA ELEMENTS
- fixed length control field: 230606|| aca||aabn | a|a d
040 ## - CATALOGING SOURCE
- Original cataloging agency: JO-AjAnu
- Transcribing agency: JO-AjAnu
100 ## - HEADING--PERSONAL NAME
- Personal name: تحقيق الكعاك،عثمان
670 ## - SOURCE DATA FOUND
- Source citation: Work cat.: (JO-AjAnu)7662: تحقيق الكعاك،عثمان, author, ديوان حازم القرطاجي: حازم بن محمد بن حسن بن محمد بن خلف بن حازم الأنصاري (608-684)